| 000 | 00894aam a2200265 i 4500 | ||
|---|---|---|---|
| 999 |
_c7859 _d7859 |
||
| 001 | 991061052554406706 | ||
| 003 | OSt | ||
| 005 | 20240215164426.0 | ||
| 008 | 231124s2023 sp | 000 0 spa|c | ||
| 017 |
_aDL V 2847-2023 _bOficina DL Valencia |
||
| 020 | _a9788411830492 | ||
| 040 |
_aES-ViU _bcat _erda _cCDMR |
||
| 080 |
_a070 _22004 |
||
| 080 |
_a070.42 _x(047.53) _22004 |
||
| 100 | 1 | _aRojas Torrijos, José Luis, | |
| 245 | 1 | 0 |
_aManual de nuevos perfiles profesionales para el periodismo y la no ficción / _cJosé Luis Rojas Torrijos, Susana Herrera |
| 264 | 1 |
_aValencia : _bTirant humanidades, _c2023 |
|
| 300 |
_a208 pàgines : _bil·lustracions, algunes en color ; _c22 cm |
||
| 500 | _aBibliografia: pàgines 207-208 | ||
| 650 | 0 |
_92030 _aPeriodisme _xOrientació professional |
|
| 700 | 1 | _aHerrera Damas, Susana, | |
| 908 | _aUVic-UCC | ||
| 940 | _aCVA2 | ||
| 942 |
_2udc _cMON |
||